LIBRARY & INFORMATION CENTRE, KCAET, TAVANUR

ONLINE PUBLIC ACCESS CATALOGUE (OPAC)

Estimating and costing in civil engineering: Theory and pracitce / (Record no. 7066)

MARC details
000 -LEADER
fixed length control field 00406cam a2200157ua 4500
041 ## - LANGUAGE CODE
Language code of text/sound track or separate title eng
082 ## - DEWEY DECIMAL CLASSIFICATION NUMBER
Classification number 692.5
Item number DUT/ES
100 ## - MAIN ENTRY--AUTHOR NAME
Personal name Dutta, B N .
245 ## - TITLE STATEMENT
Title Estimating and costing in civil engineering: Theory and pracitce /
250 ## - EDITION STATEMENT
Edition statement 10 /
260 ## - PUBLICATION, DISTRIBUTION, ETC. (IMPRINT)
Place of publication Kolkatha :
Name of publisher UBS Publishers Distributors ,
Year of publication 1993.
300 ## - PHYSICAL DESCRIPTION
Number of Pages 904 ; .
942 ## - ADDED ENTRY ELEMENTS (KOHA)
Koha item type Books

No items available.

free website counter